000 01175cam a2200289Ma 4500
005 20190130073953.0
008 140521s2011 sp fr 000 0 spa d
020 _a9789871786053
020 _a9789588613239
040 _aCO-BoUCM
_bspa
_cSaul Niño (Modificó)
_dJose A. Gerena
041 1 _aspa
100 1 _aHaddad, Joumana
_d1970-
_943523
245 1 0 _aYo maté a Sherezade
_bconfesiones de una mujer árabe furiosa
_cJoumana Haddad ; traducción de Marta Mabres Vicens
260 _aBogotá (Colombia)
_aBarcelona (España)
_bRandom House Mondadori
_c2011
300 _a141 páginas
490 _aDebate
600 1 _aHaddad, Joumana
_d1970-
_xAutobiografías
_961414
650 7 _aMujeres en el islamismo
_919908
_vEnsayos
650 7 _aMujeres
_936975
_xCondiciones sociales
_vEnsayos
650 7 _aMujeres
_958169
_xDerechos civiles
_zPaises árabes
_vEnsayos
650 7 _aMujeres en la literatura
_919920
650 7 _aLiteratura árabe
_918606
700 1 _aMabres, Marta
_eilustrador
_961415
765 _tI kelled Scheherazade. Confessions of an angry arab woman
942 _2DEWEY
_a18
_cLIBRO
_e1
_h892.76
_mH126y
999 _c240973
_d240973